Malá automatisace /

Salvato in:
Dettagli Bibliografici
Autori principali: Kotek, Zdeněk (Autore), Haškovec, Jiří (Autore)
Natura: Libro
Lingua:ceco
Pubblicazione: Praha : SNTL, 1958
Tags: Aggiungi Tag
Nessun Tag, puoi essere il primo ad aggiungerne!!

MARC

LEADER 00000nam a22000003a 4500
001 stu36751
005 20150617225726.5
008 920618s1958----cs------------------cze-d
040 |a STU  |b slo 
041 0 |a cze 
044 |a cs 
100 1 |a Kotek, Zdeněk  |4 aut 
245 1 |a Malá automatisace /  |c [aut.]Jiří Haškovec, Zdeněk Kotek 
260 |a Praha :  |b SNTL,  |c 1958 
300 |a 252 s 
700 1 |a Haškovec, Jiří  |4 aut 
996 |b 284M020055  |c M*3698-1  |l MMKN  |s A  |a 24  |w stu36751_0001